000 00323nam a2200121Ia 4500
005 20250423101355.0
008 250422s9999 xx 000 0 und d
020 _a975-7307-58-0
245 4 _aThe Ottomans: A Brief Story of a World Empire
260 _bMinistry of Foreign Affairs of Turkey
260 _c2000
942 _cBK
999 _c36118
_d36118